Les 10 villes de Belgique les plus peuplées commençant par S - Statistiques

Statistiques générales
  • Ce quiz a été pris 18 fois
  • Le résultat moyen est 4 sur 10
Statistiques - réponses
# Ville Population % Correct
2 Saint-Nicolas (Flandre-Orientale) 81.863
59%
10 Saint-Nicolas (Liège) 24.491
59%
1 Schaerbeek 130.405
53%
3 Seraing 64.266
47%
4 Saint-Gilles 49.293
35%
5 Saint-Trond 41.469
35%
8 Sambreville 28.615
29%
7 Soignies 29.032
29%
9 Saint-Josse-ten-Noode 26.895
12%
6 Schoten 34.641
0%
Aucun quiz correspondant
Distribution des résultats
% des personnes avec chaque résultat
Percentile par nombre de réponses
Votre historique - résultats
Vous n’avez pas pris ce quiz